Weekly Digest

Bibliographic Details
Format: eBook
Language:Spanish
Published: Bogot:̀ OlarteMoure & Asociados, 2021 -
Subjects:
Online Access:Acceso restringido

MARC

LEADER 00000nam a22000007a 4500
005 20220509230429.0
007 cr|||| |||
008 220509c20219999co er|w s|||| 0|||b1spa d
035 |a 36314 
040 |a vLex 
090 |c 13300  |d 13300 
245 0 0 |a Weekly Digest  |h [Recurso electrn̤ico] / 
256 |a Servicio en ln̕ea 
260 |a Bogot:̀  |b OlarteMoure & Asociados,  |c 2021 - 
300 |a 1 recurso electrn̤ico 
310 |a Quincenal 
506 1 |a Disponible solo en los productos indicados  |d vLex Global  |d vLex Global (Academic Edition, excluding Law Schools)  |d vLex Global (U.S. Academic Edition, Law Schools)  |d vLex Global (U.S. Academic Edition, excluding Law Schools)  |d vLex Global (Academic Edition, Law Schools) 
650 0 4 |a Derecho Pb︢lico y Administrativo  |z Colombia 
740 0 |a vLex Revistas (Servicio en ln̕ea) 
856 4 0 |u https://app.vlex.com/#/sources/36314  |z Acceso restringido 
942 |c REV 
999 0 |a Public and Administrative Law